| 000 | 00754nam a22001937a 4500 | ||
|---|---|---|---|
| 999 |
_c176616 _d176616 |
||
| 005 | 20210128113308.0 | ||
| 010 | _aUR-11006 | ||
| 020 |
_c100.00 _a2348-5035 |
||
| 035 | _aU-9561 | ||
| 037 | _bDBAD/PUB | ||
| 082 | _a840 | ||
| 100 | _aا نل ا گر و ا ل :مر تبہ:سيفی سر و نجی | ||
| 245 |
_aا نتسا ب سہ ما ہی ( ا کتو برسے د سمبر 2020) حصہ-8 _cا نل ا گر و ا ل _bمر تبہ:سيفی سر و نجی |
||
| 246 |
_bIntasab Quaterly( October-20 to Dec.20) (Urdu) _aby Anil Aggarwal |
||
| 260 |
_aBhopal _bAfaque Saifi _c2020 ء |
||
| 270 |
_aH.No.82,Ward no.19RaojipathSironj, _bM.P. _e464228 _l0997795500 |
||
| 300 |
_a300 ص _c22 Cm(Hb) |
||
| 942 |
_2ddc _cUR _h840 _mا گ ر |
||